Legends of Our Lady Mary the Perpetual Virgin and Her Mother Hanna (Record no. 991)

MARC details
000 -LEADER
fixed length control field 00611nam a2200241 a 4500
020 ## - INTERNATIONAL STANDARD BOOK NUMBER
ISBN
082 00 - DEWEY DECIMAL CLASSIFICATION NUMBER
Classification number 232.91
Author Cutter BUD
100 ## - MAIN ENTRY--AUTHOR NAME
Author name Budge, W
245 ## - TITLE STATEMENT
Title Legends of Our Lady Mary the Perpetual Virgin and Her Mother Hanna
260 ## - PUBLICATION, DISTRIBUTION, ETC. (IMPRINT)
Place of publication London
Name of publisher Martin Hopkinson and Company
Year of publication 0000
300 ## - PHYSICAL DESCRIPTION
Number of Pages 317p
500 ## - GENERAL NOTE
General note includes index and biblioraphy
505 2# - FORMATTED CONTENTS NOTE
Formatted contents note Index
650 ## - SUBJECT ADDED ENTRY--TOPICAL TERM
Topical Term Mary-Blessed Virgin
942 ## - ADDED ENTRY ELEMENTS (KOHA)
Koha item type Books
700 1# -
-- Budge, W
Holdings
Collection code Home library Current library Date acquired Cost, normal purchase price Full call number Accession Number Koha item type
  Henry Martyn Institute Library Henry Martyn Institute Library 06/19/2007 100.00 232.91 BUD 01708 Books
                   Copyright © 2026 | Henry Martyn Institute | Hyderabad | TS-500052 | INDIA | Implemented by hmi.edu.in
Hit-Count:

Powered by Koha